000 00732nam a22002297a 4500
005 20170124110056.0
010 _aA-677755
020 _c00.00
_a8185182906
035 _aA-677755
037 _bCen. Lib./Ret.
040 _aDPL
_bEN
082 _a954.15
_bNEG
100 _aNegi, S. S
_913479
245 _aHimachal Pradesh :
_cby S. S. Negi
_bthe land and people /
260 _aNew Delhi
_bIndus Publishing Company
_c1993
270 _aFS-5, Tagore Garden
_bNew Delhi
_e110027
300 _a208p. :
_c21cm(Hb)
500 _aIncludes bibliographical references and index
650 _aIndia--Himachal Pradesh
_926406
650 _aHimalaya Mountains Region
_925008
942 _2ddc
_cEN
_h954.15
_mNEG
999 _c129454
_d129454